LEADER 02567nam 2200565 450 001 9910827852503321 005 20230617040009.0 010 $a1-282-02480-9 010 $a9786612024801 010 $a0-8264-3232-8 035 $a(CKB)1000000000725485 035 $a(EBL)436677 035 $a(OCoLC)319718473 035 $a(MiAaPQ)EBC436677 035 $a(MiAaPQ)EBC5309473 035 $a(Au-PeEL)EBL5309473 035 $a(CaPaEBR)ebr11518444 035 $a(OCoLC)1027200914 035 $a(MiAaPQ)EBC3002948 035 $a(Au-PeEL)EBL3002948 035 $a(OCoLC)928191321 035 $a(EXLCZ)991000000000725485 100 $a20180315h20052005 uy 0 101 0 $aeng 135 $aur|n|---||||| 181 $2rdacontent 182 $2rdamedia 183 $2rdacarrier 200 10$aCarson $ethe man who divided Ireland /$fGeoffrey Lewis 210 1$aLondon, [England] ;$aNew York, [New York] :$cHambledon Continuum,$d2005. 210 4$dİ2005 215 $a1 online resource (308 p.) 300 $aDescription based upon print version of record. 311 $a1-85285-570-3 320 $aIncludes bibliographical references and index. 327 $aContents; Illustrations; Introduction; 1 Dublin; 2 Home Rule; 3 London; 4 Oscar Wilde; 5 The End of Unionist Government; 6 The Naval Cadet; 7 The House of Lords; 8 The Conservative Leadership; 9 Asquith's Home Rule Bill; 10 Ulster; 11 Marconi; 12 The Curragh; 13 Craigavon; 14 War and Peace; 15 Opposition; 16 The Fall of Asquith; 17 Final Attempt; Notes; Bibliography; Index 330 $aThe partition of Ireland in 1921, and the birth of Northern Ireland as a political entity, was the work of one man above all. Edward Carson, born in Dublin in 1854, was a brilliant lawyer whose cross-questioning of Oscar Wilde at his libel trial brought about Wilde's downfall. An inspiring orator and a political heavyweight at Westminster, his defence of Unionism in the years before the First World War, and of the rights of Ulster not to be swamped in an independent Ireland, made a united Ireland a political impossibility. While some of his actions were denounced in England as close to treason 606 $aPoliticians$zIreland$vBiography 606 $aLawyers$zIreland$vBiography 615 0$aPoliticians 615 0$aLawyers 676 $a941.5082092 700 $aLewis$b Geoffrey$f1929-$01683223 801 0$bMiAaPQ 801 1$bMiAaPQ 801 2$bMiAaPQ 906 $aBOOK 912 $a9910827852503321 996 $aCarson$94105112 997 $aUNINA LEADER 01821nam0 22003253i 450 001 TO00127589 005 20251003044402.0 100 $a20070731d1955 ||||0itac50 ba 101 | $aita 102 $ait 181 1$6z01$ai $bxxxe 182 1$6z01$an 183 1$6z01$anc$2RDAcarrier 200 1 $aRelazione sull'andamento dell'azienda dal 1. luglio 1953 al 30 giugno 1954$ea norma dell'art. 6 della Legge 23 settembre 1920, n. 1365$fEnte autonomo per l'acquedotto pugliese 210 $aBari$c[s.n.]$d1955$eCitta di Castello$gUnione Arti Grafiche 215 $a279 p., [11] c. di tav. di cui 6 ripieg.$cdiagrammi, tabelle$d24 cm. 606 $aAcquedotto pugliese$2FIR$3SBLC081045$9I 676 $a307.1216409457$9COMUNITA. PIANIFICAZIONE. Comunita urbane grandi. Italia$v23 676 $a363.61094575$9SERVIZI PUBBLICI E ATTIVITA CONNESSE. APPROVIGIONAMENTO IDRICO. Puglia.$v21 676 $a363.61094575$9SERVIZI PUBBLICI E ATTIVITA CONNESSE. Approvvigionamento idrico. Puglia$v22 710 02$aEnte autonomo per l'acquedotto pugliese$3CFIV127130$4070$0333268 791 02$aEnte autonomo acquedotto pugliese$3CFIV127133$zEnte autonomo per l'acquedotto pugliese 801 3$aIT$bIT-000000$c20070731 850 $aIT-BN0095 901 $bNAP 01$cPOZZO LIB.$nVi sono collocati fondi di economia, periodici di ingegneria e scienze, periodici di economia e statistica e altri fondi comprendenti documenti di economia pervenuti in dono. 912 $aTO00127589 950 0$aBiblioteca Centralizzata di Ateneo$c1 v.$d 01POZZO LIB.F. LANGELLA 1$e 0101 0600179265E VMA 1 v. (Precente collocazione LG 1)$fB $h20221010$i20221010 977 $a 01 996 $aRelazione sull'andamento dell'azienda dal 1. luglio 1953 al 30 giugno 1954$92919853 997 $aUNISANNIO